| 000 | 00361nam a2200133Ia 4500 | ||
|---|---|---|---|
| 008 | 200626s9999 xx 000 0 und d | ||
| 020 | _a0-07-113243-0 | ||
| 100 | _aChang, Raymond | ||
| 245 |
_cRaymond Chang.-- _aChemistry/ |
||
| 250 | _a5th ed. | ||
| 260 |
_aSingapore: _bMcGrawHill _c1994 |
||
| 300 | _axxv, 994 pages | ||
| 500 | _aIncludes Appendix, and Index | ||
| 999 |
_c363911 _d363911 |
||